000 00369nam a2200133Ia 4500
008 231129s9999||||xx |||||||||||||| ||spa||
020 _a84-473-0018-8
040 _bspa
082 _aE863 M972j
100 _aMuñoz Molina Antonio
245 0 _aEl jinete polaco Antonio Munoz Molina
264 _aRBA Editores
942 _2ddc
_cBKS
999 _c11408
_d11408